Watermelon democracy : Egypt's turbulent transition /

"Watermelon Democracy" works from the premise that the 2011 uprising in Egypt and subsequent violent repression emerged from deep patterns in that country's modern history. By examining four aspects of the uprising, and juxtaposing actual events with findings in the literature, Stache...

Full description

Bibliographic Details
Main Author: Stacher, Joshua, 1975- (Author)
Format: Book
Language:English
Published: Syracuse, New York : Syracuse University Presss, [2020]
Edition:First edition.
Series:Modern intellectual and political history of the Middle East.
Subjects:

MARC

Tag First Indicator Second Indicator Subfields
LEADER 00000cam a2200000 i 4500
001 in00004161221
005 20200729073925.0
008 200302t20202020nyua b 001 0 eng
010 |a  2019058554 
020 |a 9780815636779  |q hardcover 
020 |a 0815636776  |q hardcover 
020 |a 9780815636878  |q paperback 
020 |a 0815636873  |q paperback 
020 |z 9780815655008  |q electronic book 
035 |a (OCoLC)on1126560454 
040 |a DLC  |e rda  |c DLC  |d UtOrBLW 
043 |a f-ua--- 
049 |a TXAM 
050 0 0 |a DT107.88  |b .S73 2020 
082 0 0 |a 962.05/5  |2 23 
100 1 |a Stacher, Joshua,  |d 1975-  |e author.  |0 http://id.loc.gov/authorities/names/no2012009572 
245 1 0 |a Watermelon democracy :  |b Egypt's turbulent transition /  |c Joshua Stacher. 
250 |a First edition. 
264 1 |a Syracuse, New York :  |b Syracuse University Presss,  |c [2020] 
264 4 |c ©2020 
300 |a xxiii, 257 pages :  |b illustrations ;  |c 24 cm. 
336 |a text  |b txt  |2 rdacontent 
337 |a unmediated  |b n  |2 rdamedia 
338 |a volume  |b nc  |2 rdacarrier 
490 1 |a Modern intellectual and political history of the Middle East 
504 |a Includes bibliographical references and index. 
505 0 |a Introduction: What if... -- Retiring Mubarak : protests, opposition relations, and incumbent ejection -- Electoral recalibration? Transitional elections and disempowerment -- State violence as life : regime-making and counterrevolution -- An uprising against neoliberalism? The state, Military Inc., and the political economy of Egypt -- Conclusion: No going back. 
520 |a "Watermelon Democracy" works from the premise that the 2011 uprising in Egypt and subsequent violent repression emerged from deep patterns in that country's modern history. By examining four aspects of the uprising, and juxtaposing actual events with findings in the literature, Stacher aims to explain aspects of the Egyptian case that the theoretical literature cannot. 
650 0 |a Authoritarianism  |z Egypt. 
650 0 |a Political participation  |z Egypt. 
650 0 |a Political violence  |z Egypt. 
651 0 |a Egypt  |x Politics and government  |y 2011-  |0 http://id.loc.gov/authorities/subjects/sh2016002906 
651 0 |a Egypt  |x History  |y Protests, 2011-2013.  |0 http://id.loc.gov/authorities/subjects/sh2011004490 
830 0 |a Modern intellectual and political history of the Middle East.  |0 http://id.loc.gov/authorities/names/n97059667 
945 |b 475368 
947 |a A14850793291 
948 |a cataloged  |b h  |c 2020/7/7  |d c  |e dmitchel  |f 12:30:20 pm 
994 |a 92  |b TXA 
999 f f |s db1dfcff-0cfc-399d-ab5d-e1d1f4dff9e3  |i 08e0f4d9-9a87-3ef2-a866-c5afeb96db89  |t 0 
952 f f |p normal  |a Texas A&M University  |b College Station  |c Sterling C. Evans Library  |d Evans: Library Stacks  |t 0  |e DT107.88 .S73 2020  |h Library of Congress classification  |i unmediated -- volume  |m A14850793291 
998 f f |a DT107.88 .S73 2020  |t 0  |l Evans: Library Stacks